000 00818nam a2200241 i 4500
001 bg
245 0 0 _aRola lokalnych instytucji w przekształceniach rolnictwa o rozdrobnionej strukturze gospodarstw /
_cAdam Czudec [et al.].
260 _aRzeszów :
_bWydawnictwo Uniwersytetu Rzeszowskiego,
_c2008.
300 _a278 s. :
_bil. ;
_c24 cm.
504 _aBibliogr. s. 267-276.
546 _aStreszcz. ang.
650 9 _aRolnictwo
_xorganizacja
_zPolska
_yod 2001 r.
700 1 _aCzudec, Adam
_d(1952- ).
020 _a9788373383845
040 _cBPK
041 0 _apol
_beng
044 _aPOL
080 _a338.43(438)"2001/..."
920 _a978-83-7338-384-5
942 _cKS
008 s pl f |000 0 pol
999 _c55857
_d55857
856 _uhttp://koha.tu.koszalin.pl/cgi-bin/koha/opac-detail.pl?biblionumber=55857
_yKatalog online BPK